000
00285nam a22001217a 4500
008
170911b xxu||||| |||| 00| 0 eng d
041
_a
eng
080
_a
91
100
_a
42
101
_a
GEO
245
_a
INTERNATIONAL SERIES MONOGRAPHY ON PHYSIC
_c
FOWLER.R.H
942
_2
udc
_c
BK
999
_c
26990
_d
26990